Narkotikautvecklingen
| Format: | Print Book |
|---|---|
| Language: | Swedish |
| Published: |
Stockholm
Brottsförebyggande Radet
1982
|
| In: |
Rapport (1982, 2)
Year: 1982 |
| Availability in Tübingen: | Present in Tübingen. UB: KB 13 A 909 |
| Check availability: | HBZ Gateway |
| Subito Delivery Service: | Order now. |
MARC
| LEADER | 00000cam a22000002c 4500 | ||
|---|---|---|---|
| 001 | 1090581726 | ||
| 003 | DE-627 | ||
| 005 | 20220514123112.0 | ||
| 007 | tu | ||
| 008 | 900530s1982 xx ||||| 00| ||swe c | ||
| 035 | |a (DE-627)1090581726 | ||
| 035 | |a (DE-576)020581726 | ||
| 035 | |a (DE-599)BSZ020581726 | ||
| 035 | |a (OCoLC)311257887 | ||
| 040 | |a DE-627 |b ger |c DE-627 |e rakwb | ||
| 041 | |a swe | ||
| 245 | 0 | 0 | |a Narkotikautvecklingen |
| 264 | 1 | |a Stockholm |b Brottsförebyggande Radet |c 1982 | |
| 300 | |a 312 S. | ||
| 336 | |a Text |b txt |2 rdacontent | ||
| 337 | |a ohne Hilfsmittel zu benutzen |b n |2 rdamedia | ||
| 338 | |a Band |b nc |2 rdacarrier | ||
| 490 | 1 | |a Rapport / Brottsfoerebyggande Rådet |v 1982, 2 | |
| 490 | 0 | |a Utvecklingsenheten | |
| 583 | 1 | |a Archivierung prüfen |c 20200919 |f DE-640 |z 1 |2 pdager | |
| 810 | 2 | |a Schweden |b Brottsförebyggande Rådet |b Utvecklingsenheten |g - 1982 |t Rapport |v 1982, 2 |9 1982, 2 |w (DE-627)168456710 |w (DE-576)9168456719 |w (DE-600)753890-X |x 0346-5632 |7 am | |
| 951 | |a BO | ||
| ELC | |b 1 | ||
| LOK | |0 000 xxxxxcx a22 zn 4500 | ||
| LOK | |0 001 2145512039 | ||
| LOK | |0 003 DE-627 | ||
| LOK | |0 004 1090581726 | ||
| LOK | |0 005 20020606000000 | ||
| LOK | |0 008 900530||||||||||||||||ger||||||| | ||
| LOK | |0 040 |a DE-21 |c DE-627 |d DE-21 | ||
| LOK | |0 852 |a DE-21 | ||
| LOK | |0 852 1 |c KB 13 A 909 |9 00 | ||
| LOK | |0 935 |a krim | ||
| LOK | |0 936ln |a k9.7.2.2 | ||
| LOK | |0 939 |a 30-05-90 |b l01 | ||
| ORI | |a SA-MARC-krimdoka001.raw | ||
| SIG | |a UB: KB 13 A 909 | ||
